[Event "Titled Tuesday intern op 12th Mar Early"]
[Site "Chess.com INT"]
[Date "2024.03.12"]
[Round "5"]
[White "Hayrapetyan, Hovik"]
[Black "Sai Agni, Jeevitesh J"]
[Result "1-0"]
[WhiteElo "2432"]
[BlackElo "2285"]
[PlyCount "79"]
[EventDate "2024.03.12"]
[EventType "swiss (blitz)"]
[EventRounds "11"]
[EventCountry "USA"]
[SourceTitle "CB12_2024"]
[SourceDate "2023.10.01"]
[SourceVersion "1"]
[SourceVersionDate "2023.10.01"]
[SourceQuality "1"]

1. d4 Nf6 2. c4 d6 3. Nf3 Nbd7 4. Nc3 e5 5. g3 Be7 6. Bg2 0-0 7. 0-0 c6 8. e4 a6 9. h3 b5 10. c5 Qc7 11. cxd6 Bxd6 12. dxe5 Nxe5 13. Nxe5 Bxe5 14. f4 Rd8 15. Qe2 Bd4+ 16. Be3 Bb7 17. e5 Ne8 18. Rad1 c5 19. Ne4 h6 20. Kh2 Rac8 21. Qf2 Qb6 22. b4 Bxe3 23. Qxe3 Bxe4 24. Bxe4 Qe6 25. bxc5 Qxa2+ 26. Rf2 Qe6 27. Rfd2 Rxd2+ 28. Rxd2 Qc4 29. c6 b4 30. Bd5 Qc3 31. Qxc3 bxc3 32. Rc2 Nc7 33. Be4 Nb5 34. Kg2 Kf8 35. Kf2 Ke7 36. Ke3 Rc7 37. f5 f6 38. e6 Kd6 39. Rc1 Ke5 40. Rd1 1-0

[Event "Titled Tuesday intern op 13th Feb Early"]
[Site "Chess.com INT"]
[Date "2024.02.13"]
[Round "4"]
[White "Bortnyk, Olexandr"]
[Black "Hayrapetyan, Hovik"]
[Result "1-0"]
[WhiteElo "2608"]
[BlackElo "2432"]
[PlyCount "107"]
[EventDate "2024.02.13"]
[EventType "swiss (blitz)"]
[EventRounds "11"]
[EventCountry "USA"]
[SourceTitle "CB08_2024"]
[SourceDate "2024.02.21"]
[SourceVersion "1"]
[SourceVersionDate "2024.02.21"]
[SourceQuality "1"]

1. d4 Nf6 2. Nc3 d5 3. Bf4 a6 4. e3 e6 5. a3 c5 6. Nf3 Nc6 7. Bd3 Bd6 8. dxc5 Bxc5 9. 0-0 0-0 10. e4 dxe4 11. Nxe4 Be7 12. Qe2 Nd4 13. Nxd4 Qxd4 14. c3 Qa4 15. b4 Bd7 16. Rfd1 Bc6 17. Bc2 Qb5 18. c4 Qf5 19. Nxf6+ Qxf6 20. Be5 Qg5 21. f4 Qh6 22. Rd3 f5 23. Rh3 Qg6 24. Rg3 Qf7 25. Rxg7+ Qxg7 26. Bxg7 Kxg7 27. Rd1 Bf6 28. Qxe6 Rae8 29. Qxf5 Bd4+ 30. Rxd4 Rxf5 31. Bxf5 Re2 32. g4 Rg2+ 33. Kf1 Rxh2 34. Be4 Bxe4 35. Rxe4 Kf6 36. a4 Rb2 37. c5 Ra2 38. a5 Rb2 39. Rd4 Ke6 40. g5 Kf5 41. Ke1 Kg4 42. Kd1 Kf5 43. Kc1 Rf2 44. Rd7 Rxf4 45. Rf7+ Kxg5 46. Rxf4 Kxf4 47. b5 Ke5 48. c6 Kd6 49. cxb7 Kc7 50. bxa6 h5 51. Kd2 Kb8 52. Ke3 Ka7 53. Kf4 Kxa6 54. b8Q 1-0

[Event "Titled Tuesday intern op 06th Feb Early"]
[Site "Chess.com INT"]
[Date "2024.02.06"]
[Round "7"]
[White "Lazavik, Denis"]
[Black "Hayrapetyan, Hovik"]
[Result "1-0"]
[WhiteElo "2567"]
[BlackElo "2432"]
[PlyCount "135"]
[EventDate "2024.02.06"]
[EventType "swiss (blitz)"]
[EventRounds "11"]
[EventCountry "USA"]
[SourceTitle "CB07_2024"]
[SourceDate "2024.02.14"]
[SourceVersion "1"]
[SourceVersionDate "2024.02.14"]
[SourceQuality "1"]

1. d4 Nf6 2. c4 e6 3. Nf3 d5 4. g3 Be7 5. Bg2 0-0 6. 0-0 dxc4 7. Qc2 a6 8. a4 Bd7 9. Qxc4 Bc6 10. Bg5 Nbd7 11. Nc3 a5 12. Rfd1 h6 13. Bxf6 Nxf6 14. e3 Bb4 15. Qe2 Qe7 16. Ne5 Bxg2 17. Kxg2 Rfd8 18. Rac1 c5 19. Nb5 Rac8 20. dxc5 Rxd1 21. Rxd1 Qxc5 22. Nf3 Qc2 23. Qxc2 Rxc2 24. Ne5 Rxb2 25. Kf3 g5 26. g4 Nd5 27. Rc1 Ra2 28. Rc8+ Kg7 29. Rb8 Kf6 30. Nd7+ Ke7 31. Rxb7 f5 32. h3 Nc3 33. Nxc3 Bxc3 34. Nc5+ Kf6 35. Rb6 fxg4+ 36. hxg4 Be1 37. Nd3 Bc3 38. Nc5 Be1 39. Ne4+ Kf7 40. Rb7+ Kf8 41. Rh7 Rxa4 42. Rxh6 Ra1 43. Rxe6 a4 44. Ra6 a3 45. Nxg5 Bb4 46. Ne6+ Ke8 47. Nc7+ Kf8 48. Nd5 Bc5 49. Ke4 Rf1 50. f4 Rf2 51. g5 Rg2 52. Kf5 a2 53. Nc3 Bxe3 54. Rxa2 Rg1 55. Nd5 Bc1 56. Ra8+ Kf7 57. Ra7+ Kf8 58. g6 Rf1 59. Rf7+ Ke8 60. Nc7+ Kd8 61. Ne6+ Ke8 62. Ra7 Rg1 63. g7 Bb2 64. Ra8+ Kf7 65. Rf8+ Ke7 66. g8Q Rxg8 67. Rxg8 Kf7 68. Rg2 1-0

[Event "Titled Tuesday intern op 14th Nov Early"]
[Site "Chess.com INT"]
[Date "2023.11.14"]
[Round "2"]
[White "Parra Gomez, Adrian"]
[Black "Hayrapetyan, Hovik"]
[Result "0-1"]
[WhiteElo "2208"]
[BlackElo "2426"]
[PlyCount "42"]
[EventDate "2023.11.14"]
[EventType "swiss (blitz)"]
[EventRounds "11"]
[EventCountry "USA"]
[SourceTitle "CB47_2023"]
[SourceDate "2023.11.22"]
[SourceVersion "1"]
[SourceVersionDate "2023.11.22"]
[SourceQuality "1"]

1. d4 Nf6 2. c4 e6 3. Nc3 Bb4 4. f3 d5 5. a3 Bxc3+ 6. bxc3 c5 7. cxd5 Nxd5 8. dxc5 Qa5 9. e4 Nf6 10. Be3 0-0 11. Qb3 Nfd7 12. Bb5 Qc7 13. Qb4 Nc6 14. Bxc6 bxc6 15. Rb1 Ne5 16. Rd1 Ba6 17. Bf4 Rad8 18. Rd6 Nd3+ 19. Rxd3 Qxf4 20. Ne2 Qg5 21. Rxd8 Rxd8 0-1

[Event "Poti op 16th"]
[Site "Poti"]
[Date "2023.07.19"]
[Round "8"]
[White "Navoyan, Gagik"]
[Black "Hayrapetyan, Hovik"]
[Result "0-1"]
[WhiteElo "1909"]
[BlackElo "2442"]
[PlyCount "46"]
[EventDate "2023.07.12"]
[EventType "swiss"]
[EventRounds "9"]
[EventCountry "GEO"]
[SourceTitle "EXT 2024"]
[Source "ChessBase"]
[SourceDate "2023.10.10"]
[SourceVersion "1"]
[SourceVersionDate "2023.10.10"]
[SourceQuality "1"]

1. e4 c5 2. Nf3 d6 3. d4 cxd4 4. Nxd4 Nf6 5. Nc3 a6 6. Bg5 Nbd7 7. Bc4 Qb6 8. 0-0 Qc5 9. Bd5 e6 10. Re1 Ne5 11. Bxf6 gxf6 12. Re3 Be7 13. b4 Qa7 14. b5 exd5 15. Nxd5 Bg4 16. f3 Bd7 17. b6 Qb8 18. f4 Nc6 19. Nf5 Bxf5 20. exf5 Kd7 21. Qe2 Qf8 22. Re1 Bd8 23. Re8 Qxe8 0-1

[Event "Titled Tuesday intern op 20th Jun Early"]
[Site "Chess.com INT"]
[Date "2023.06.20"]
[Round "11"]
[White "Fernandez Guillen, Ernesto J"]
[Black "Hayrapetyan, Hovik"]
[Result "0-1"]
[WhiteElo "2467"]
[BlackElo "2442"]
[PlyCount "80"]
[EventDate "2023.06.20"]
[EventType "swiss (blitz)"]
[EventRounds "11"]
[EventCountry "USA"]
[SourceTitle "EXT 2024"]
[Source "ChessBase"]
[SourceDate "2023.10.10"]
[SourceVersion "1"]
[SourceVersionDate "2023.10.10"]
[SourceQuality "1"]

1. e4 c5 2. Nf3 d6 3. d4 cxd4 4. Nxd4 Nf6 5. Nc3 a6 6. Bc4 e6 7. Bb3 b5 8. f3 Nbd7 9. Be3 Nc5 10. Qd2 Bb7 11. 0-0-0 Qc7 12. g4 Be7 13. g5 Nfd7 14. h4 Rc8 15. h5 Ne5 16. g6 hxg6 17. hxg6 Nxg6 18. Rxh8+ Nxh8 19. a3 Nxb3+ 20. Nxb3 Ng6 21. Qf2 Bh4 22. Qg1 Bf6 23. Bd4 Ne5 24. Qh1 Nc4 25. Bxf6 gxf6 26. Rd3 Ke7 27. f4 Rg8 28. Kb1 Qb6 29. Qh4 b4 30. axb4 Rg1+ 31. Rd1 Rxd1+ 32. Nxd1 Qxb4 33. Nc3 a5 34. Na2 Qb6 35. Nc3 a4 36. Nxa4 Qg1+ 37. Ka2 Bxe4 38. f5 Qa7 39. Qxe4 Qxa4+ 40. Kb1 Na3+ 0-1

[Event "Titled Tuesday intern op 20th Jun Early"]
[Site "Chess.com INT"]
[Date "2023.06.20"]
[Round "3"]
[White "Hayrapetyan, Hovik"]
[Black "Hernando Rodrigo, Julio Antonio"]
[Result "1-0"]
[WhiteElo "2442"]
[BlackElo "2240"]
[PlyCount "51"]
[EventDate "2023.06.20"]
[EventType "swiss (blitz)"]
[EventRounds "11"]
[EventCountry "USA"]
[SourceTitle "EXT 2024"]
[Source "ChessBase"]
[SourceDate "2023.10.10"]
[SourceVersion "1"]
[SourceVersionDate "2023.10.10"]
[SourceQuality "1"]

1. d4 Nf6 2. c4 g6 3. Nc3 Bg7 4. Nf3 d6 5. g3 0-0 6. Bg2 Nbd7 7. 0-0 e5 8. e4 c6 9. h3 h6 10. Be3 Re8 11. Qc2 Qc7 12. Rad1 a5 13. c5 dxc5 14. dxe5 Nxe5 15. Nxe5 Qxe5 16. f4 Qe7 17. e5 Nh7 18. Ne4 b6 19. Nd6 Rd8 20. Bxc6 Bxh3 21. Bxa8 Bxf1 22. Bd5 Rxd6 23. exd6 Qxe3+ 24. Kxf1 Bd4 25. Kg2 Nf6 26. Qxg6+ 1-0

[Event "Titled Tuesday intern op 20th Jun Early"]
[Site "Chess.com INT"]
[Date "2023.06.20"]
[Round "2"]
[White "Yelisieiev, Yevhenii"]
[Black "Hayrapetyan, Hovik"]
[Result "1/2-1/2"]
[WhiteElo "2418"]
[BlackElo "2442"]
[PlyCount "90"]
[EventDate "2023.06.20"]
[EventType "swiss (blitz)"]
[EventRounds "11"]
[EventCountry "USA"]
[SourceTitle "EXT 2024"]
[Source "ChessBase"]
[SourceDate "2023.10.10"]
[SourceVersion "1"]
[SourceVersionDate "2023.10.10"]
[SourceQuality "1"]

1. d4 Nf6 2. Nf3 d5 3. c4 e6 4. Nc3 Bb4 5. Bg5 h6 6. Bxf6 Qxf6 7. Qb3 c5 8. e3 Nc6 9. dxc5 a5 10. Rc1 a4 11. Qc2 a3 12. b3 Bxc3+ 13. Qxc3 Qxc3+ 14. Rxc3 Nb4 15. cxd5 Nxa2 16. Bb5+ Bd7 17. Bxd7+ Kxd7 18. dxe6+ fxe6 19. Rc4 Nb4 20. Rxb4 a2 21. Ke2 a1Q 22. Rxa1 Rxa1 23. Rxb7+ Kc6 24. Rxg7 Ra2+ 25. Kd3 Kxc5 26. Nd4 e5 27. Nf5 Rxf2 28. Ke4 Rb8 29. Rc7+ Kb6 30. Rh7 Rxg2 31. Rxh6+ Kc5 32. h4 Rxb3 33. Kxe5 Rh2 34. Rh7 Ra3 35. Rc7+ Kb6 36. Rc4 Ra5+ 37. Ke6 Rh3 38. e4 Kb7 39. Rb4+ Kc8 40. Rc4+ Kd8 41. Rc6 Ra4 42. Nd6 Ra8 43. Nf5 Ra4 44. Nd6 Ra8 45. Nf5 Ra4 1/2-1/2

[Event "Titled Tuesday intern op 13th Jun Early"]
[Site "Chess.com INT"]
[Date "2023.06.13"]
[Round "4"]
[White "Hayrapetyan, Hovik"]
[Black "Gomez Barrera, Javiera Belen"]
[Result "1-0"]
[WhiteElo "2442"]
[BlackElo "2256"]
[PlyCount "69"]
[EventDate "2023.06.13"]
[EventType "swiss (blitz)"]
[EventRounds "11"]
[EventCountry "USA"]
[SourceTitle "EXT 2024"]
[Source "ChessBase"]
[SourceDate "2023.10.10"]
[SourceVersion "1"]
[SourceVersionDate "2023.10.10"]
[SourceQuality "1"]

1. d4 Nf6 2. c4 e6 3. Nc3 d5 4. Nf3 c6 5. e3 Be7 6. Bd3 0-0 7. 0-0 Nbd7 8. e4 dxe4 9. Nxe4 Nxe4 10. Bxe4 Nf6 11. Bc2 c5 12. Qd3 cxd4 13. Bg5 g6 14. Rad1 e5 15. Nxe5 Bf5 16. Qb3 Bxc2 17. Qxc2 Qa5 18. Bxf6 Bxf6 19. Nd7 Bg7 20. Nxf8 Rxf8 21. a3 Re8 22. Qd2 Qc5 23. Qd3 Rc8 24. Rc1 Qb6 25. b4 a5 26. c5 Qa7 27. Qc4 axb4 28. axb4 Bf6 29. Rfe1 Qa3 30. Qb5 d3 31. Rcd1 Rd8 32. Qxb7 d2 33. Rf1 Be5 34. c6 Rb8 35. c7 1-0

[Event "Titled Tuesday intern op 13th Jun Early"]
[Site "Chess.com INT"]
[Date "2023.06.13"]
[Round "9"]
[White "Hayrapetyan, Hovik"]
[Black "Valle Luis, Leo"]
[Result "1-0"]
[WhiteElo "2442"]
[BlackElo "2354"]
[PlyCount "65"]
[EventDate "2023.06.13"]
[EventType "swiss (blitz)"]
[EventRounds "11"]
[EventCountry "USA"]
[SourceTitle "EXT 2024"]
[Source "ChessBase"]
[SourceDate "2023.10.10"]
[SourceVersion "1"]
[SourceVersionDate "2023.10.10"]
[SourceQuality "1"]

1. d4 Nf6 2. c4 e6 3. Nc3 Bb4 4. Nf3 0-0 5. Bg5 d5 6. e3 Nbd7 7. cxd5 exd5 8. Bd3 h6 9. Bh4 c5 10. 0-0 Qc7 11. dxc5 Bxc5 12. Rc1 Qd6 13. Nb5 Qb6 14. a3 a6 15. Nbd4 Re8 16. b4 Bd6 17. Qa4 Rb8 18. Rfd1 Qd8 19. Nf5 b5 20. Qc2 Bf8 21. Bg3 Bb7 22. Bxb8 Qxb8 23. Qc7 Qa8 24. Nd6 Bxd6 25. Qxd6 Nf8 26. Nd4 Bc8 27. Rc7 Be6 28. Rdc1 Qb8 29. Nc6 Qa8 30. Ra7 Qc8 31. Ne7+ Rxe7 32. Rxc8 Rxa7 33. Qxf8# 1-0